| 000 | 00381nam a2200157Ia 4500 | ||
|---|---|---|---|
| 008 | 221030s9999 xx 000 0 und d | ||
| 020 | _a8752233X | ||
| 041 | _aEnglish | ||
| 082 |
_a105.23 _bPea |
||
| 100 | _aPearl Software | ||
| 245 | 0 |
_aComputer Fundamentals _cby Pearl Software |
|
| 260 |
_bKhanna Pub _aNew Delhi _c339 |
||
| 300 | _a339 | ||
| 650 | _aBE Computer | ||
| 942 | _cBK | ||
| 999 |
_c6674 _d6674 |
||